Statistics for Most populous counties in Alabama

Click here to take the quiz!

General Stats

  • This quiz has been taken 4 times
  • The average score is 11 of 20

Answer Stats

PopulationAnswer% Correct
412,241Mobile County
100%
223,131Montgomery County
100%
84,654Cullman County
67%
658,808Jefferson County
67%
91,979Lauderdale County
67%
168,541Lee County
67%
100,370Limestone County
67%
376,227Madison County
67%
119,645Morgan County
67%
219,663Shelby County
67%
79,440Talladega County
67%
211,315Tuscaloosa County
67%
228,828Baldwin County
33%
113,503Calhoun County
33%
71,347DeKalb County
33%
82,829Elmore County
33%
101,629Etowah County
33%
105,420Houston County
33%
97,109Marshall County
33%
90,118St. Clair County
33%

Score Distribution

Percentile by Number Answered

Percent of People with Each Score

Your Score History

You have not taken this quiz